[Event "Bundesliga 1213"]
[Site "Germany"]
[Date "2012.12.08"]
[Round "5.4"]
[White "Rustemov, Alexander"]
[Black "Postny, Evgeny"]
[Result "0-1"]
[WhiteElo "2544"]
[BlackElo "2647"]
[Annotator "Postny,E"]
[PlyCount "138"]
[EventDate "2012.10.20"]
[EventType "team-tourn"]
[EventRounds "15"]
[EventCountry "GER"]
[SourceTitle "CBM 152"]
[Source "ChessBase"]
[SourceDate "2013.01.15"]
[SourceVersion "1"]
[SourceVersionDate "2013.01.15"]
[SourceQuality "1"]
[WhiteTeam "Wattenscheid"]
[BlackTeam "Eppingen"]
[WhiteTeamCountry "GER"]
[BlackTeamCountry "GER"]

1. d4 d5 2. c4 c6 3. Nc3 Nf6 4. e3 a6 5. Qc2 {I have experience of playing
this line with both colours.} b5 (5... g6 {is a different story.}) 6. b3 Bg4 {
Considering the structure, Black should get rid of this bishop.} 7. Nge2 Nbd7 (
7... e6 $6 {is inaccurate in view of} 8. Ng3 {[%csl Rg4][%cal Gh2h3]}) 8. h3 {
This is the main continuation.} ({Now} 8. Ng3 {can be met with} e5 ({The
choice of Movsesian:} 8... h5 {is also interesting.}) 9. h3 Be6 $13) 8... Bh5
9. Nf4 Bg6 10. Nxg6 hxg6 {White has got the bishop pair and, in general,
should be slightly better. However, the forthcoming positional battle is rich
in content and anything can happen.} 11. Bb2 e6 12. c5 $5 {White seizes space
and robs the black bishop of its natural square d6. On the other hand, this
decision is committal. The closed character of the position shouldn't favour
the side with the pair of bishops. White hopes to open the position in the
future.} (12. Bd3 Bd6 13. c5 ({White can hope for a slight edge after} 13. O-O
O-O 14. Rad1) 13... Bc7 14. O-O-O e5 15. f3 exd4 16. exd4 Nh5 $132 {1-0
Nikolic,P (2657)-Solak,D (2568)/Murska Sobota 2007/CBM 121 Extra (49)}) 12...
g5 {The bishop should be developed to g7.} 13. O-O-O g6 (13... g4 $6 {can harm
only Black.} {After} 14. g3 {the h-file will soon open in Wwhite's favour.})
14. Bd3 $146 (14. Kb1 Bg7 15. g3 Qc7 16. Bg2 Kf8 17. g4 Re8 18. f3 e5 19. Qf2
Kg8 20. Rhf1 $2 (20. dxe5 Nxe5 21. f4 $14) 20... exd4 21. exd4 Nf8 22. Bc1 Ne6
$15 {0-1 Shabalov,A (2585)-Laznicka,V (2636)/Philadelphia 2010/CBM 137 Extra 
(39)}) 14... Bg7 15. Ne2 $6 {My opponent chose the wrong plan. The transfer of
the knight to g3 is not what is requiredt. Instead, White should strive to
open up up the cenre in order to benefit from his pair of bishops. The e3-e4
thrust is the main idea.} (15. e4 {is too early.} b4 16. Na4 dxe4 17. Bxe4 Nxe4
18. Qxe4 Qc7 $11 {[%cal Gd7f6,Gf6d5]}) (15. Kb1 $1 {is, probably, the best.}
Qc7 (15... Qe7 $6 16. e4 b4 17. Na4 dxe4 18. Bxe4 Nxe4 19. Qxe4 Rc8 20. Qd3 a5
$140 $6 21. d5 $1 $16) 16. f3 $1 {[%cal Ge3e4]} (16. e4 b4 17. Na4 dxe4 18.
Bxe4 Nxe4 19. Qxe4 Nf6 20. Qe2 (20. Qe5 Qxe5 21. dxe5 Nd5 22. Nb6 Rb8 23. Bd4
Nf4 24. Be3 Nd5 $11) 20... Nd5 21. Nb6 Rd8 22. Nxd5 Rxd5 23. Qxa6 O-O $44 {
[%csl Rd4]}) 16... e5 17. Qf2 exd4 18. exd4 Nh5 19. h4 gxh4 20. Rxh4 $14) 15...
Qe7 16. g4 $6 {This move weakens the f4-square which will become apparent
later on.} (16. Kb1 {would be more useful.}) 16... e5 17. Ng3 O-O 18. Rde1 (18.
h4 gxh4 (18... Nxg4 $2 {[%tqu "En","How should White proceed?","","","g3f5","",
10]} 19. Nf5 $3 gxf5 20. Bxf5 {Suddenly, White gets an overwhelming attack.}
Nh6 21. Bh7+ Kh8 22. hxg5 Qxg5 23. Rdg1 Qe7 24. dxe5 $18) 19. Rxh4 e4 20. Be2
Nh7 21. Rdh1 Ng5 $15 {White has no threats and Black can slowly improve his
position.}) 18... Rae8 19. Qd2 (19. e4 $2 exd4 20. Bxd4 Ne5 21. exd5 Nxd5 $19)
19... Nh7 $1 {Opening the diagonal for the bishop.} 20. f3 exd4 21. exd4 Qf6 {
White has two main strategic problems: the d4 weakness and the passive
dark-squared bishop. Moreover, the tactical strike ...Nxc5 is in the offing.}
22. Ref1 $1 {White has to give u[ the control over the e-file.} (22. Rhf1 $2
Rxe1+ 23. Qxe1 Nxc5 $19) ({After} 22. Qf2 {I intended to play} Re6 ({My
opponent was concerned about the more positional} 22... Rxe1+ 23. Rxe1 Ra8 {
[%cal Gh7f8,Gf8e6]}) 23. Rxe6 fxe6 24. Rf1 e5 25. dxe5 Nxe5 {In both cases
Black is clearly better.}) 22... Re7 23. Ne2 Rfe8 24. f4 gxf4 $6 {This allows
White's pieces to breathe for a moment.} (24... Re3 $1 25. f5 (25. fxg5 Qe7 $15
) 25... gxf5 (25... Nxc5 26. dxc5 Qxb2+ 27. Qxb2 Bxb2+ 28. Kxb2 Rxd3 29. Kc2
Rde3 30. Nd4 $15) 26. Rxf5 Nxc5 27. dxc5 (27. Qxe3 $2 Rxe3 28. Rxf6 Nxf6 29.
dxc5 Rxd3 30. Nd4 Ne4 $17) (27. Rxf6 $2 Nxd3+ 28. Kb1 Nxf6 29. Rh2 (29. Nc1
Nxb2 30. Kxb2 c5 $19) 29... Rf3 $19 {[%cal Gf6e4]}) 27... Qxb2+ 28. Qxb2 Bxb2+
29. Kxb2 Rxd3 30. Kc2 $1 Ree3 31. h4 $15 {White is a pawn down but, the
c6-weakness yields him reasonable chances for a draw.}) 25. Nxf4 Qh4 ({The
engine insists on} 25... Bh6 26. Kb1 Bxf4 27. Rxf4 Qh4 {[%cal Gh7g5,Gg5e4] But,
hardly any human player would voluntarily exchange such a good bishop.}) 26.
Kb1 $2 {White had to play this at least ten moves ago!} (26. Bxg6 $1 fxg6 27.
Nxg6 Qh6 {During the game both of us evaluated this position as better for
Black. That's why I wasn't concerned about 26.Bxg6 and my opponent didn't go
for that. In fact this position is balanced.} 28. Nxe7+ Rxe7 29. Qxh6 (29. Re1
Rxe1+ 30. Rxe1 Qxh3 (30... Nxc5 31. Qxh6 Bxh6+ 32. Kd1 Ne4 33. Re2 $14 {
[%csl Rc6][%cal Ge2c2]}) 31. Re6 Nhf6 32. Rxc6 Ne4 33. Qf4 Qh1+ 34. Kc2 Qg2+ {
Black doesn't have more than a perpetual check.}) 29... Bxh6+ 30. Kc2 Re2+ 31.
Kb1 Bd2 32. g5 $1 Nxg5 33. Rhg1 Be3 34. Bc1 Bxg1 35. Rxg1 Nf6 36. Bxg5 Ne4 $11)
26... Ng5 {The knight is heading to e4 and Black reaches full domination.} 27.
Qg2 (27. Ng2 Qg3 $19) (27. Qf2 Qxf2 28. Rxf2 Re1+ 29. Rxe1 Rxe1+ 30. Kc2 Rh1
$17) 27... Ne4 28. Rhg1 Qh8 $1 {[%csl Rd4]} 29. Bxe4 Rxe4 30. Qf3 R8e7 31. Rd1
Nxc5 {This pawn was also hanging!} 32. Qc3 Ne6 (32... Rxf4 33. Qxc5 Re2 $19 {
Intending to double the rooks on the second rank.}) 33. Nxe6 R7xe6 34. Rg3 Qh4
35. Rgd3 Re2 36. Bc1 Qe7 37. Qa5 c5 38. dxc5 Qxc5 $6 {I saw and didn't play 38.
..Qf6. I don't know why.} (38... Qf6 $1 39. R3d2 (39. R1d2 Qa1+ 40. Kc2 Re1 $19
) 39... Rxd2 40. Rxd2 Re1 41. Kc2 b4 $1 42. Qxb4 Qa1 43. Qa3 Qc3+ 44. Kb1 Qxd2
$19) 39. R3d2 Rxd2 $2 (39... Bc3 40. Qd8+ Re8 41. Qxd5 Qf2 $1 $19 {I didn't
see the last move.}) 40. Qxd2 d4 41. Bb2 Qd5 {After doing my best not to win
by force before the first time control, I had to concentrate again not to let
my advantage slip away. The position is still winning.} 42. Qc2 (42. Bxd4 $2
Qe4+ 43. Kb2 Rd6 $19) 42... Re3 43. h4 Qe4 (43... Qf3 {was more convincing.})
44. Qxe4 Rxe4 45. Rg1 Re2 46. Rh1 (46. Rd1 Rg2 47. Bxd4 Rxg4 $19) 46... Be5 47.
Bc1 f6 {Slowly but, surely. White is out of useful moves.} 48. a3 Kf7 49. b4
Rg2 50. g5 f5 51. Re1 Bg3 {Now both White's kingside pawns are falling.} 52.
Rd1 Bxh4 53. Rxd4 Bxg5 54. Bxg5 Rxg5 {The rest is easy.} 55. Rd7+ Ke6 56. Ra7
f4 {I don't care about the queenside, my passed pawns are on the way to
promotion.} 57. Rxa6+ Kf5 58. Kc2 Rg2+ 59. Kd3 Ra2 60. Kd4 Rd2+ {Forcing the
white king to stay away from the f-pawn.} 61. Kc5 g5 62. Kxb5 f3 63. Ra8 Rd6
64. Kc5 Rf6 65. Rd8 f2 66. Rd1 g4 67. b5 g3 68. b6 Rxb6 69. Kxb6 g2 {My team
managed to score a convincing victory over SV Wattenscheid by 5.5-2.5.} 0-1

[Event "Cappelle op 32nd"]
[Site "Cappelle la Grande"]
[Date "2016.02.17"]
[Round "6"]
[White "Berkes, Ferenc"]
[Black "Sergeev, Vladimir"]
[Result "1-0"]
[WhiteElo "2649"]
[BlackElo "2441"]
[Annotator "Primel,D"]
[PlyCount "133"]
[EventDate "2016.02.13"]
[EventType "swiss"]
[EventRounds "9"]
[EventCountry "FRA"]
[SourceTitle "EXT 2017"]
[Source "ChessBase"]
[SourceDate "2016.10.25"]
[SourceVersion "1"]
[SourceVersionDate "2016.10.25"]
[SourceQuality "1"]
[TimeControl "40/5400+30:1800+30"]
[WhiteClock "1:30:00"]
[BlackClock "1:30:00"]

1. d4 Nf6 2. c4 c6 3. Nc3 d5 4. e3 Bg4 5. f3 Bc8 (5... Be6 6. Nge2 dxc4 7. Nf4
Qc8 8. e4 g6 9. g4 Bg7 10. h4 h6 11. b3 cxb3 12. axb3 Nbd7 13. Nxe6 fxe6 14. e5
Qc7 15. exf6 Qg3+ 16. Ke2 Nxf6 17. Qd3 O-O-O 18. Rxa7 Kb8 19. Ra4 Rhf8 20. Rh3
Qc7 21. Be3 e5 22. Qc4 Nd5 23. Nxd5 Rxd5 24. Qd3 exd4 25. Bd2 Rf6 26. Kd1 Re6
27. f4 Qb6 28. Bg2 Rc5 29. Rc4 Rb5 30. f5 gxf5 31. gxf5 Rd6 32. Kc2 Qa7 33. Kb2
Re5 34. Ra4 Qb6 35. Bf4 {Mamedyarov,S (2757)-Kamsky,G (2705) Sofia 2007 1-0})
6. Bd3 e6 7. Nge2 c5 8. cxd5 exd5 9. O-O Nc6 10. Kh1 a6 $146 (10... cxd4 11.
exd4 Be7 12. Bc2 O-O 13. Bg5 h6 14. Bh4 b6 15. Bb3 Ba6 16. Re1 Bc4 17. Bxc4
dxc4 18. Qa4 Na5 19. Ng3 Nd5 20. Bxe7 Nxe7 21. Rad1 Nc8 22. Nf5 Nd6 23. Nxd6
Qxd6 24. Re4 Rad8 25. Rde1 a6 26. d5 Rd7 27. h3 Rfd8 28. Re8+ Kh7 29. Rxd8 Rxd8
30. Re8 Rxe8 31. Qxe8 f5 32. Qe6 Qxe6 33. dxe6 Nb7 34. Nd5 b5 35. e7 Nd6 36.
Nc7 b4 37. Nxa6 c3 38. bxc3 bxc3 39. Nb4 Kg6 40. Kg1 {Chernin,A (2565)-Meduna,
E (2485) Sochi 1986 1-0}) 11. a3 h6 12. Bb1 cxd4 13. exd4 Bd6 14. Ba2 Ne7 15.
Bf4 O-O 16. Rc1 Ng6 17. Bxd6 Qxd6 18. Qb3 Re8 19. Rfe1 Be6 20. Na4 Bd7 21. Nac3
Bc6 22. Qc2 Nf4 23. Qd2 Nxe2 24. Nxe2 Nh5 25. Kg1 Re7 26. g4 Nf6 27. Qf4 Qe6
28. Kf2 Rae8 29. Qd2 Qd6 30. Ng3 h5 31. Rxe7 Rxe7 32. Rh1 g6 33. gxh5 Nxh5 34.
Nxh5 gxh5 35. Qg5+ Kf8 36. Rg1 Re6 37. Qg3 Ke7 38. Qxd6+ Kxd6 39. Rg5 Rh6 40.
h4 Rh8 41. Bb3 a5 42. Bd1 f6 43. Rg7 Bd7 44. f4 b6 45. Bf3 Be6 46. b4 a4 47.
Rb7 Kc6 48. Ra7 Bg4 49. Rf7 Bxf3 50. Rxf6+ Kb5 51. Kxf3 Kc4 (51... Rc8 52. Re6
(52. Rh6 Rc3+) 52... Rc3+ 53. Re3 Rc1) 52. Rxb6 Kxd4 53. f5 Kc3 54. f6 Kb3 55.
Ke3 Kxa3 56. Kd4 Rd8 57. f7 Kb3 58. Rf6 Rf8 59. Kxd5 a3 60. Ke6 a2 61. Rf1 Rb8
62. b5 Kb2 63. Ke7 Rb7+ 64. Kf6 a1=Q 65. Rxa1 Kxa1 66. f8=Q Rxb5 67. Qa3+ 1-0

[Event "SUI-chT"]
[Site "Switzerland"]
[Date "2017.04.23"]
[Round "3.3"]
[White "Prusikin, Michael"]
[Black "Loetscher, Roland"]
[Result "1-0"]
[WhiteElo "2521"]
[BlackElo "2443"]
[Annotator "Prusikin,M"]
[PlyCount "39"]
[EventDate "2017.03.19"]
[EventType "team-swiss"]
[EventRounds "9"]
[EventCountry "SUI"]
[SourceTitle "EXT 2018"]
[Source "ChessBase"]
[SourceDate "2017.10.13"]
[SourceVersion "1"]
[SourceVersionDate "2017.10.13"]
[SourceQuality "1"]
[WhiteTeam "Wollishofen"]
[BlackTeam "Luzern"]
[WhiteTeamCountry "SUI"]
[BlackTeamCountry "SUI"]

1. d4 d5 2. c4 c6 3. cxd5 cxd5 4. Bf4 Nc6 5. e3 Nf6 6. Nc3 a6 7. Bd3 Bg4 8.
Nge2 e6 9. O-O Bh5 10. Rc1 Bg6 11. Na4 Nd7 12. Bxg6 hxg6 13. Qb3 Ra7 $2 $146 (
13... Na5) 14. e4 $1 {Der prinzipiellste Zug: Weiß will die Mitte öffnen, da
Schwarz in der Entwicklung zurück geblieben ist.} dxe4 $2 (14... Nf6 $8 {
Die einzige Chance bestand darin, die Stellung geschlossen zu halten} 15. Nac3
(15. e5 Nd7 16. Rfd1 Be7 17. Rd3 $14) 15... dxe4 (15... Be7 16. exd5 Nxd5 17.
Nxd5 Qxd5 18. Qxd5 exd5 19. Nc3 Ra8 20. Nxd5 Rd8 21. Nxe7 Kxe7 22. Rfd1 Rh5 23.
Be3 Rhd5 24. h4 R8d7 25. Rc4 $14) 16. d5 exd5 17. Rfd1 Bd6 (17... Be7 18. Nxd5
Nxd5 19. Rxd5 Qc8 20. Nd4 O-O 21. Qb6 Ra8 22. Nxc6 bxc6 23. Rxc6 $14) 18. Be3
$3 (18. Nxd5 Bxf4 19. Nexf4 Nxd5 20. Nxd5 Qb8 21. g3 O-O $11) 18... Ra8 $1 (
18... Bxh2+ 19. Kf1 Na5 20. Qc2 $16) (18... Na5 19. Qb6 Ra8 (19... Bxh2+ 20.
Kf1 Ra8 21. Qxd8+ Rxd8 22. Bb6 $16) 20. Qxd8+ Rxd8 21. Bb6 Rb8 22. Bxa5 b6 23.
Bxb6 Rxb6 24. Nxd5 Nxd5 25. Rc8+ Ke7 26. Rxh8 Rxb2 27. g3 $16) 19. Nxd5 Nxd5
20. Rxd5 Qc7 21. g3 O-O 22. Nd4 $14) 15. d5 $18 exd5 16. Qxd5 Qf6 17. Rfd1 Qe6
(17... Qf5 18. Rxc6 $1 bxc6 19. Qxc6 $18) 18. Qxe6+ fxe6 {[#]} 19. Be3 $1 Ra8
20. Rxd7 1-0

[Event "Gausdal Byggern Masters"]
[Site "Gausdal"]
[Date "2005.10.02"]
[Round "2"]
[White "Carlsen, Magnus"]
[Black "Hole, Oystein"]
[Result "1-0"]
[WhiteElo "2570"]
[BlackElo "2336"]
[Annotator "Prusikin,M"]
[PlyCount "63"]
[EventDate "2005.10.01"]
[EventType "swiss"]
[EventRounds "9"]
[EventCountry "NOR"]
[SourceTitle "CBM 108 Extra"]
[Source "ChessBase"]
[SourceDate "2005.11.04"]
[SourceVersion "1"]
[SourceVersionDate "2005.11.04"]
[SourceQuality "1"]

1. d4 d5 2. c4 c6 3. Nc3 dxc4 4. e4 b5 5. a4 b4 6. Na2 Nf6 7. e5 Nd5 8. Bxc4 e6
9. Nf3 Be7 10. Bd2 a5 11. Nc1 Bb7 12. Nb3 Nd7 13. O-O Rc8 14. Rc1 O-O 15. Qe2
c5 $146 {Dieser natürliche Zug stellte eine Neuerung dar.} (15... Ra8 $6 {
1-0 (47) Lawton,G (2402)-Shaw,J (2464) West Bromwich 2003}) 16. Bb5 $1 {
Der Beginn einer glorreichen Karriere. Dieser schöne Prophylaxezug verhindert
sowohl 16...Db6 als auch 16...Lc6 und bindet damit die schwarzen Kräfte.} cxd4
17. Rxc8 Bxc8 18. Nfxd4 $1 {Eben mit diesem Springer! Damit wird der
Damenschwenk zum Königsflügel eingeleitet, während der andere Springer auf
b3, wo er Druck auf den Bauern a5 ausübt, ausgezeichnet postiert ist.} Nb8 {
Die einzige Möglichkeit, 19.Sc6 zu verhindern:} (18... Bb7 $2 19. Nxa5 Qxa5
20. Bxd7 $16) 19. Qg4 $1 Kh8 20. Re1 Qb6 21. Bd3 $1 {Wieder Prophylaxe!
Diuesmal gegen den drohenden Läufertausch.} (21. h4 Ba6 $1) 21... Ba6 22. Bb1
$1 Nc6 $6 {Der natürlichste Zug und zugleich der entscheidende Fehler, aber
die weiße Idee war nicht leicht zu sehen.} 23. Bh6 $1 Rg8 ({Im Falle von} 
23... gxh6 24. Qe4 f5 25. exf6 Nxf6 26. Qxc6 $18 {muss sich Weiß mit einem
gewonnenen Endspiel "begnügen"}) 24. Bxh7 $1 {Dieser Läufer stirbt als Held!}
Kxh7 25. Be3 $1 $18 {...und Aus! Gegen die Drohung 26.Dh5# hilft nur} Rc8 {
...aber jetzt entscheidet der Springerabzug!} (25... Nxe3 26. Qh5# $1) (25...
g6 26. Qh3+ Kg7 27. Qh6#) 26. Nxe6 $1 fxe6 (26... Nxe3 27. Qxg7#) 27. Qh3+ Kg8
28. Qxe6+ Kf8 29. Bxb6 Nxb6 30. Nxa5 Rc7 31. Nxc6 Bc8 32. Qb3 1-0

[Event "ESP-chT CECLUB Honor"]
[Site "Melilla"]
[Date "2011.11.26"]
[Round "7"]
[White "Lalic, Bogdan"]
[Black "Perez Candelario, Manuel"]
[Result "1-0"]
[WhiteElo "2454"]
[BlackElo "2558"]
[Annotator "RR"]
[PlyCount "89"]
[EventDate "2011.11.21"]
[EventType "team-tourn"]
[EventRounds "7"]
[EventCountry "ESP"]
[SourceTitle "CBM 146"]
[Source "ChessBase"]
[SourceDate "2012.01.18"]
[SourceVersion "1"]
[SourceVersionDate "2012.01.18"]
[SourceQuality "1"]
[WhiteTeam "Reverte Albox"]
[BlackTeam "Solvay"]
[WhiteTeamCountry "ESP"]
[BlackTeamCountry "ESP"]

1. d4 d5 2. c4 c6 3. Nc3 Nf6 4. e3 a6 5. Qc2 b5 6. b3 Bg4 7. Nge2 Bh5 8. Nf4
Bg6 9. Nxg6 hxg6 10. g3 e6 11. Bg2 Nbd7 12. O-O Be7 13. e4 dxe4 14. Nxe4 Rc8
15. Ng5 O-O 16. Rd1 Qc7 17. h4 Rfd8 18. Qe2 Nb6 19. Bf4 Qa7 20. Bh3 Re8 21.
Nxf7 $5 Kxf7 22. Bxe6+ Kf8 23. Bxc8 Rxc8 24. Rac1 Qd7 25. Be3 Qh3 $6 (25... Ba3
26. Rc2 $14) 26. Qf3 bxc4 27. bxc4 Qe6 $2 (27... Qg4 28. Qxg4 Nxg4 $16) 28. d5
$18 cxd5 29. cxd5 Nbxd5 30. Rxc8+ Qxc8 31. Rxd5 Qa8 32. Rf5 Qb8 33. Rf4 Qb1+
34. Kg2 Qxa2 35. Qc6 Kg8 36. Qc4+ Qxc4 37. Rxc4 Nd5 38. Ra4 Nc7 39. Bb6 Bd6 40.
Bxc7 Bxc7 41. Rxa6 Kh7 42. f4 Bd8 43. Kh3 Be7 44. g4 Bb4 45. g5 1-0

[Event "Cappelle op 31st"]
[Site "Cappelle la Grande"]
[Date "2015.03.04"]
[Round "6"]
[White "Mareco, Sandro"]
[Black "Lalic, Bogdan"]
[Result "1/2-1/2"]
[WhiteElo "2598"]
[BlackElo "2483"]
[Annotator "RR"]
[PlyCount "39"]
[EventDate "2015.02.28"]
[EventType "swiss"]
[EventRounds "9"]
[EventCountry "FRA"]
[SourceTitle "EXT 2016"]
[Source "ChessBase"]
[SourceDate "2015.10.08"]
[SourceVersion "1"]
[SourceVersionDate "2015.10.08"]
[SourceQuality "1"]

1. c4 c6 2. Nc3 d5 3. d4 e5 $5 4. dxe5 d4 5. Ne4 Qa5+ 6. Bd2 (6. Nd2) 6... Qxe5
7. Ng3 Nf6 8. Nf3 Qd6 9. Qc2 Be7 10. O-O-O O-O 11. e3 dxe3 12. Bc3 (12. Bxe3
Qb4 13. Bd3 Na6 14. Rhe1 Qa5 15. a3 Re8 16. Bd2 Qb6 17. Bc3 Be6 18. Ng5 Nc5 19.
Nxe6 Nxe6 20. Nf5 Bf8 21. g3 Nc5 22. f3 Nxd3+ 23. Qxd3 Qf2 24. h4 b5 25. Rxe8
Rxe8 26. Bd4 bxc4 27. Bxf2 cxd3 28. Rxd3 c5 29. Be3 g6 30. Bg5 Nh5 31. g4 f6
32. Nh6+ Kg7 33. gxh5 fxg5 34. hxg5 gxh5 35. f4 Kg6 36. Kd2 Re4 37. Rf3 Bxh6
38. gxh6 Kxh6 39. Kd3 Rd4+ 40. Ke3 Kg6 41. Rg3+ Kf6 {Le,Q (2693)-Ivanchuk,V 
(2769) Astana 2012 1-0}) 12... Qc7 13. fxe3 Na6 14. a3 Ng4 15. Re1 g6 16. e4
$146 (16. b4 Bf6 17. h3 Bxc3 18. Qxc3 Nf2 {0-1 (18) Krasenkow,M (2651)-Nikolic,
P (2661) Bled 2002}) 16... b5 17. cxb5 cxb5 18. Bd4 Qxc2+ 19. Kxc2 b4 20. h3
1/2-1/2

[Event "Olympiad-34"]
[Site "Istanbul"]
[Date "2000.11.04"]
[Round "7.2"]
[White "Olafsson, Helgi"]
[Black "Rogozenco, Dorian"]
[Result "1/2-1/2"]
[WhiteElo "2478"]
[BlackElo "2531"]
[Annotator "Rogozenco,D"]
[PlyCount "38"]
[EventDate "2000.10.28"]
[EventType "team-swiss"]
[EventRounds "14"]
[EventCountry "TUR"]
[SourceTitle "EXT 2001"]
[Source "ChessBase"]
[SourceDate "2000.11.22"]
[SourceVersion "1"]
[SourceVersionDate "2000.11.22"]
[SourceQuality "1"]
[WhiteTeam "Iceland"]
[BlackTeam "Romania"]
[WhiteTeamCountry "ISL"]
[BlackTeamCountry "ROU"]

1. d4 d5 2. c4 c6 3. Nc3 Nf6 4. e3 a6 5. Qc2 g6 6. Bd3 Bg7 7. Nf3 O-O 8. O-O
Bg4 9. Ne5 Be6 10. Bd2 (10. b3 c5 11. cxd5 (11. Ne2 $5 {1-0 Dautov,R-Hodgson,J/
Istanbul TUR 2000 (35)}) 11... Nxd5 12. Nxd5 Bxd5 13. Bb2 (13. Qxc5 Bxe5 14.
dxe5 Bxg2 15. Kxg2 Qxd3 16. Qxe7 Nc6 17. Qf6 Rfe8 18. Bb2 Nxe5 19. Bxe5 Qd5+
20. Qf3 Rxe5 21. Qxd5 Rxd5 22. Rfd1 Rad8 23. Rxd5 Rxd5 24. Rc1 Rd2 25. Rc7 b5
26. a4 bxa4 27. bxa4 Ra2 28. Rc4 {1/2-1/2 Ivanisevic,I-Sokolov,I/Istanbul TUR
2000}) 13... cxd4 14. Bxd4 Bxg2 15. Kxg2 Bxe5 16. Bxe5 Qd5+ 17. Be4 Qxe5 18.
Bxb7 Ra7 $13 {1/2-1/2 Wells,P-Hodgson,J/Delmenhorst GER 2000 (35)}) 10... dxc4
$1 $146 {[%mdl 8]} (10... Nbd7 11. cxd5 cxd5 12. f4 $14 {1-0 Flear,G-Prie,E/
Creon 1998 (61)}) 11. Nxc4 (11. Bxc4 Bxc4 12. Nxc4 Nbd7 $11) 11... b5 12. Ne5
c5 $1 13. dxc5 Qc7 14. Nf3 (14. f4 Qxc5 15. b4 Qb6 $5 16. a4 $140 Nbd7 17. Nxd7
Bxd7 18. axb5 axb5 $11) 14... Qxc5 15. Rac1 (15. Nd4 Bd7 $11) 15... Nbd7 16. b4
(16. Nd4 $1 Qd6 (16... Bc4 $2 17. Bxc4 Qxc4 (17... bxc4 18. Na4 $16) 18. Qb1 $1
$16) 17. Nxe6 (17. a4 Ng4 $1) 17... Qxe6 18. a4 b4 19. Ne2 (19. Ne4 $2 Nxe4 20.
Bxe4 Rac8 $17) 19... Qd6 (19... Rfc8 $6 20. Qxc8+ Rxc8 21. Rxc8+ Nf8 22. Rc4 $5
(22. Rfc1 Qd7 23. Nd4 e5 24. R1c7 $13) 22... Qd6 23. Nc1 (23. Rd4 Nd5 $1) 23...
a5 $14) 20. Nd4 Nd5 $13 (20... Ng4 21. Qc7 Be5 22. Qxd6 Bxd6 23. g3 $14)) 16...
Qd6 (16... Qxb4 $2 17. Nxb5 $16) 17. a4 (17. Rfd1 Rfc8 $11) 17... bxa4 (17...
Rfc8 $5) 18. Nxa4 Rfc8 19. Qb1 (19. Qxc8+ Rxc8 20. Rxc8+ Nf8 21. Rc3 Nd5 (21...
Ng4 22. Ra3 a5 23. Nc5 axb4 24. Bxb4 $16) 22. Rcc1 $13) 19... Ba2 (19... Ba2
20. Qxa2 Qxd3 21. Rfd1 $11) 1/2-1/2